000 00190 a2200097 4500
001 5897
100 _aRamsey,AD
245 _aHydrostatics
260 _a
_bcombridge
_c
090 _c4814
_d4814
942 _aNUST-CAE
_cM
_c31172
999 _c240970
_d240970